| 000 | 00758nmc a2200265 a 4500 | ||
|---|---|---|---|
| 003 | AR-BaBNM | ||
| 005 | 20251128211605.0 | ||
| 008 | 154120s2000 ||||||||||||||000 | spa|| | ||
| 020 | _a84-493-0957-3 | ||
| 040 | _cAR-BaBNM | ||
| 100 | 1 | _aBritton, Lesley | |
| 245 | 1 | 0 |
_aJugar y aprender _bel método Montessori : guía de actividades educativas desde los 2 a los 6 años |
| 260 |
_aBarcelona _bPaidós _c2000 |
||
| 300 | _a209 p. | ||
| 490 | 0 |
_aGuías para padres _vv. 49 |
|
| 600 | 1 | 4 | _aMontessori, María |
| 650 | 4 | _aEDUCACION FAMILIAR | |
| 650 | 4 | _aEDUCACION DE LOS PADRES | |
| 650 | 4 | _aMETODOS DE ENSENANZA | |
| 650 | 4 | _aEDUCACION DEL NINO | |
| 650 | 4 | _aACTIVIDADES | |
| 653 | _aMETODO MONTESSORI | ||
| 942 | _cBK | ||
| 998 | _cme-solo cat | ||
| 999 |
_c20328 _d20328 |
||